00900 2200289 4500001002100000005001700021008004100038020002200079035002500101040001200126082001400138084001600152100002100168245013300189250001100322260003200333300003600365504003000401650002300431700001900454710002700473740004400500850001200544990001800556990001800574990001800592INLIS00000000000599120151012103938.0  a978-979-062-643-4 a0010-061500000000112 aYOPDYOG 223a371.1 a371.1 Mce S aMCEWAN, Elaine K a10 Karakter yang harus dimiliki guru yang sangat efektifc/ Elaine K. McEwan; penerjemah, Benyamin Molan; penyunting, Tim Indeks aCet. 1 aJakarta BaratbIndeksc2014 axxii, 253 hlm.b: ilusc; 23 cm aBibliografi; hlm. 237-253 aGuru - Kepribadian aBENYAMIN Molan aSAGE Publication, inc. a10 Traints of highly Effective Teachers aYOPDYOG a16718-PD/B.15 a16719-PD/B.15 a16720-PD/B.15